000 00351 a2200169 4500
001 70075
020 _a8532221394
040 _cAnchieta - Itaigara
100 _aPorto, Cristina
240 1 0 _aLeo Marinho
_lpor
245 1 0 _aLeo Marinho
300 _a24
362 0 _a1996
440 1 _aFTD
650 4 _aLiteratura infanto-juvenil
942 _cBK
999 _c70075
_d70075